<?xml version="1.0" encoding="UTF-8"?>
<record
    xmlns:xsi="http://www.w3.org/2001/XMLSchema-instance"
    xsi:schemaLocation="http://www.loc.gov/MARC21/slim http://www.loc.gov/standards/marcxml/schema/MARC21slim.xsd"
    xmlns="http://www.loc.gov/MARC21/slim">

  <leader>00582nam a22002057a 4500</leader>
  <controlfield tag="005">20250915073729.0</controlfield>
  <controlfield tag="008">250915b        |||||||| |||| 00| 0 eng d</controlfield>
  <datafield tag="020" ind1=" " ind2=" ">
    <subfield code="a">9789358499353</subfield>
  </datafield>
  <datafield tag="040" ind1=" " ind2=" ">
    <subfield code="a">IN-DiNC</subfield>
    <subfield code="c">IN-DiNC</subfield>
  </datafield>
  <datafield tag="041" ind1=" " ind2=" ">
    <subfield code="d">asm</subfield>
  </datafield>
  <datafield tag="082" ind1=" " ind2=" ">
    <subfield code="a">491.451</subfield>
    <subfield code="b">YOG</subfield>
  </datafield>
  <datafield tag="245" ind1=" " ind2=" ">
    <subfield code="a">Yogayogmulak Asamiya (Major10)/</subfield>
    <subfield code="c">ed. Arabinda Rajkhowa and Ashim Chutia</subfield>
  </datafield>
  <datafield tag="250" ind1=" " ind2=" ">
    <subfield code="a">1st ed.</subfield>
  </datafield>
  <datafield tag="260" ind1=" " ind2=" ">
    <subfield code="a">Dibrugarh:</subfield>
    <subfield code="b">Banalata,</subfield>
    <subfield code="c">2025.</subfield>
  </datafield>
  <datafield tag="300" ind1=" " ind2=" ">
    <subfield code="a">256p.</subfield>
  </datafield>
  <datafield tag="650" ind1=" " ind2=" ">
    <subfield code="a">Communicative Assamese (Major10)</subfield>
  </datafield>
  <datafield tag="700" ind1=" " ind2=" ">
    <subfield code="a">Rajkhowa, Arabinda</subfield>
    <subfield code="e">Editor</subfield>
  </datafield>
  <datafield tag="700" ind1=" " ind2=" ">
    <subfield code="a">Chutia, Ashim</subfield>
    <subfield code="e">Editor</subfield>
  </datafield>
  <datafield tag="942" ind1=" " ind2=" ">
    <subfield code="2">ddc</subfield>
    <subfield code="c">BK</subfield>
  </datafield>
  <datafield tag="999" ind1=" " ind2=" ">
    <subfield code="c">12270</subfield>
    <subfield code="d">12270</subfield>
  </datafield>
  <datafield tag="952" ind1=" " ind2=" ">
    <subfield code="0">0</subfield>
    <subfield code="1">0</subfield>
    <subfield code="2">ddc</subfield>
    <subfield code="4">0</subfield>
    <subfield code="7">0</subfield>
    <subfield code="8">ASM</subfield>
    <subfield code="a">MAIN</subfield>
    <subfield code="b">MAIN</subfield>
    <subfield code="c">GEN</subfield>
    <subfield code="d">2025-09-15</subfield>
    <subfield code="g">240.00</subfield>
    <subfield code="l">1</subfield>
    <subfield code="o">491.451 YOG</subfield>
    <subfield code="p">31018</subfield>
    <subfield code="r">2025-11-13 10:35:50</subfield>
    <subfield code="s">2025-09-27</subfield>
    <subfield code="t">1</subfield>
    <subfield code="w">2025-09-15</subfield>
    <subfield code="y">BK</subfield>
  </datafield>
  <datafield tag="952" ind1=" " ind2=" ">
    <subfield code="0">0</subfield>
    <subfield code="1">0</subfield>
    <subfield code="2">ddc</subfield>
    <subfield code="4">0</subfield>
    <subfield code="7">0</subfield>
    <subfield code="8">ASM</subfield>
    <subfield code="a">MAIN</subfield>
    <subfield code="b">MAIN</subfield>
    <subfield code="c">GEN</subfield>
    <subfield code="d">2025-09-15</subfield>
    <subfield code="g">240.00</subfield>
    <subfield code="l">1</subfield>
    <subfield code="o">491.451 YOG</subfield>
    <subfield code="p">31019</subfield>
    <subfield code="r">2025-11-13 10:34:50</subfield>
    <subfield code="s">2025-09-27</subfield>
    <subfield code="t">2</subfield>
    <subfield code="w">2025-09-15</subfield>
    <subfield code="y">BK</subfield>
  </datafield>
  <datafield tag="952" ind1=" " ind2=" ">
    <subfield code="0">0</subfield>
    <subfield code="1">0</subfield>
    <subfield code="2">ddc</subfield>
    <subfield code="4">0</subfield>
    <subfield code="7">0</subfield>
    <subfield code="8">ASM</subfield>
    <subfield code="a">MAIN</subfield>
    <subfield code="b">MAIN</subfield>
    <subfield code="c">GEN</subfield>
    <subfield code="d">2025-09-15</subfield>
    <subfield code="g">240.00</subfield>
    <subfield code="l">1</subfield>
    <subfield code="o">491.451 YOG</subfield>
    <subfield code="p">31020</subfield>
    <subfield code="r">2025-11-22 07:04:51</subfield>
    <subfield code="s">2025-09-27</subfield>
    <subfield code="t">3</subfield>
    <subfield code="w">2025-09-15</subfield>
    <subfield code="y">BK</subfield>
  </datafield>
</record>
